1950-1988 yılları arasında köy ailesinde meydana gelen değişmeler (Record no. 5916)

MARC details
000 -BAŞLIK
Sabit Uzunlukta Kontrol Alanı 01048na a2200289 4500
001 - KONTROL NUMARASI
Denetim Alanı 13658
003 - KONTROL NUMARASI IDENTIFIER
Denetim Alanı MIRAKIL
005 - SON İŞLEM TARİHİ VE ZAMANI
Denetim Alanı 20181213155051.0
008 - SABİT-BOY VERİ ELEMANLARI - GENEL BİLGİLER
Sabit Uzunlukta Kontrol Alanı 161102b tu 000 0
020 ## - ULUSLARARASI STANDART KİTAP NUMARASI
Uluslararası Standart Kitap Numarası 975190286x
035 ## - SİSTEM KONTROL NUMARASI
Sistem Kontrol Numarası 13658
040 ## - KATALOGLAMA KAYNAK
Orijinal Kataloglama Ajansı Milas
Kataloglama Dili tur
Metne Dönüştürmek Ajansı TR-AnCHP
041 ## - DİL KODU
Metin / Ses Parça Veya Ayrı Başlığın Dil Kodu tur
082 ## - DEWEY ONLU SINIFLANDIRMA NUMARASI
Sınıflandırma Numarası 306.852
Ürün Numarası M36b 1990
090 ## - SINIFLAMA NUMARASI
Sınıflama Numarası 306.852 M36b 1990
100 ## - ANA GİRİŞ - KİŞİSEL İSİM
Kişisel Ad Merter, Feridun
245 ## - BAŞLIK TABLOSU
Başlık 1950-1988 yılları arasında köy ailesinde meydana gelen değişmeler
Başlığın Kalan (Malatya örneği)
Sorumluluk Tablosu, Vb Feridun Merter
246 ## - UNVAN FORM VARYING
Başlık Doğru / Kısa Başlığı Köy ailesinde meydana gelen değişmeler : Malatya örneği
260 ## - YAYIN, DAĞITIM, VB
Yayın, Dağıtım, Vb Yeri Ankara
Yayıncı, Dağıtıcı, Vs Adı T.C. Başbakanlık Aile Araştırma Kurumu Başkanlığı
Yayın, Dağıtım, Vb Tarihi 1990
300 ## - FİZİKSEL TANIM
Kapsam xxııı, 251 s.
Diğer Fiziksel Ayrıntıları tbl.
Boyutlar 23 sm.
490 ## - SERİSİ TABLOSU
Seri Beyanı Bilim serisi
Hacim / Ardışık Tanımı 2
650 ## - KONU KATMA GİRİŞ - TOPİKAL DÖNEM
Topikal Süreli Veya Coğrafi Ad Giriş Elemanı Aile
Genel Alt Bölümü Sosyo ekonomik durum
Kronolojik Alt Bölümü Araştırma ve inceleme
Coğrafi Alt Bölümü Türkiye
650 ## - KONU KATMA GİRİŞ - TOPİKAL DÖNEM
Topikal Süreli Veya Coğrafi Ad Giriş Elemanı Köy ailesi
Genel Alt Bölümü Sosyo ekonomik durum
Kronolojik Alt Bölümü Araştırma ve inceleme
Coğrafi Alt Bölümü Malatya
650 ## - KONU KATMA GİRİŞ - TOPİKAL DÖNEM
Topikal Süreli Veya Coğrafi Ad Giriş Elemanı Toplumsal değişim
Genel Alt Bölümü Aile
Kronolojik Alt Bölümü 1950-1988
740 ## - KATMA GİRİŞ - KONTROLSUZ İLGİLİ / ANALİTİK BAŞLIK
Kontrol Edilmeyen / İlgili Analitik Başlıktaki Köy ailesinde meydana gelen değişmeler
942 ## - EKLENDİ GİRİŞ ELEMANLARI (KOHA)
Sınıflandırma Veya Raf Düzeni Kaynak Dewey Decimal Classification
Koha Öğesi Türü Books
999 ## - SİSTEM KONTROL NUMARALARI (KOHA)
Koha Biblionumber 5916
Koha Biblioitemnumber 5916
Holdings
Kalıcı Konum Mevcut Konum Edinme Tarihi Edinim Kaynak Toplam Check-Out'Lar Tam Çağrı Numarası Barkod Tarih Son Görülme İtibaren Geçerli Fiyatlar Koha Öğesi Türü
CHP Kütüphanesi CHP Kütüphanesi 08/15/2016 Bağış   306.852 M36b 1990 001033 08/15/2016 08/15/2016 Books